| 000 | 01692cam a2200361 a 4500 | ||
|---|---|---|---|
| 001 | 2069830 | ||
| 003 | NUST - PNEC | ||
| 005 | 20170116181133.0 | ||
| 008 | 940726s1994 dcua b 101 0 eng | ||
| 010 | _a 94030879 | ||
| 020 | _a0841229562(acidfree paper) | ||
| 040 |
_aDLC _cLIBRARY _dDLC |
||
| 050 | 0 | 0 |
_aTP360 _b.E66 1994 |
| 082 | 0 | 0 | _a662.88 HIM |
| 100 |
_914106 _aHimmel, Michael E. |
||
| 245 | 0 | 0 |
_aEnzymatic conversion of biomass for fuels production / _cMichael E. Himmel, editor, John O. Baker, editor, Ralph P. Overend, editor. |
| 260 |
_aWashington, DC : _bAmerican Chemical Society, _c1994. |
||
| 300 |
_axiii, 499 p. : _bill. (some col.) ; _c24 cm. |
||
| 440 | 0 |
_aACS symposium series, _x0097-6156 ; _v566 |
|
| 500 | _a"Developed from a symposium sponsored by the Division of Cellulose, Paper, and Textiles at the 205th national meeting of the American Chemical Society, Denver, Colorado, March 28-April 2, 1993." | ||
| 504 | _aIncludes bibliographical references and indexes. | ||
| 650 | 0 | 0 |
_aBiomass energy _xCongresses. |
| 650 | 0 | 0 |
_aEnzymes _xIndustrial applications _xCongresses. _xME |
| 700 | 1 | _aHimmel, Michael E. | |
| 700 | 1 |
_aBaker, John O., _d1944- |
|
| 700 | 1 | _aOverend, R. P. | |
| 710 | 2 |
_aAmerican Chemical Society. _bCellulose, Paper, and Textile Division. |
|
| 856 | 4 | 2 |
_3Publisher description _uhttp://www.loc.gov/catdir/enhancements/fy0605/94030879-d.html |
| 856 | 4 | 1 |
_3Table of contents only _uhttp://www.loc.gov/catdir/enhancements/fy0605/94030879-t.html |
| 906 |
_a7 _bcbc _corignew _d1 _eocip _f19 _gy-gencatlg |
||
| 942 |
_2ddc _cBK |
||
| 999 |
_c70085 _d70085 |
||